| 000 | 00844nam a2200241 i 4500 | ||
|---|---|---|---|
| 001 | 167069 | ||
| 003 | ES-MaACL | ||
| 005 | 20240507111650.0 | ||
| 008 | 150325s1995 sp |||| | spa d | ||
| 020 | _a84-339-1396-4 | ||
| 040 |
_aCAM _bspa _cPAB |
||
| 080 | _a821.111 Shakespeare, William.06 | ||
| 100 | 1 |
_aGirard, René. _957226 |
|
| 245 | 1 | 0 |
_aShakespeare _b: los fuegos de la envidia / _cRené Girard ; traducción de Joaquín Jordá. |
| 260 |
_aBarcelona : _bAnagrama, _cD.L. 1995. |
||
| 300 |
_a456 p. ; _c22 cm. |
||
| 490 | 1 |
_aColección Argumentos ; _v166 |
|
| 600 | 1 | 4 |
_aShakespeare, William, _d1564-1616- _xCrítica e interpretación _9105993 |
| 700 | 0 |
_aJordá, Joaquín. _966895 |
|
| 830 | 0 |
_aColección Argumentos ; _v166 _9178071 |
|
| 852 |
_aES-MaACL _jL-30116 _z.- Donat. Miguel A. Velasco |
||
| 999 |
_c167069 _d167069 |
||